000 00894nam a22001697a 4500
003 OSt
005 20260120082452.0
008 260120b |||||||| |||| 00| 0 eng d
040 _aDWCL GS library
_cOC
082 _aFic. A127h 1968
100 _aAlexander, Lloyo
245 _athe high king
_cLloyo Alexander
300 _a304
_c20cm
520 _aThe sword of Drynwyn, the most powerful weapon in the kingdom of prydain, has fallen into the hands of Arawn-Death-Lord. Now Taran, Assistant Pig-keeper, and prince Gwydion lead an army against the powerful lord. After a winter expedition filled with danger, Taran's forces arrive at Mount Dragon, evil's stronghold. There taran is forced to make the most crucial decision of his life as he confronts the evil enchantress Achren and the diabolical Arawn.
700 _aLloyd Alexander
942 _2ddc
_cFIC.
_hFic. A127h
_n0
999 _c7598
_d7598